| 000 | 00355 a2200157 4500 | ||
|---|---|---|---|
| 001 | 73581 | ||
| 020 | _a857505103-2 | ||
| 040 | _cAnchieta - Colégio São Paulo | ||
| 100 | _aMaciel, Clara | ||
| 240 | 1 | 0 |
_aA ilha dos condenados _lpor |
| 245 | 1 | 0 | _aA ilha dos condenados |
| 300 | _a270 | ||
| 362 | 0 | _a2004 | |
| 650 | 4 | _aFicção brasileira | |
| 942 | _cBK | ||
| 999 |
_c73581 _d73581 |
||